[Event "ESP-ch (Women)"]
[Site "Salobrena"]
[Date "2012.07.30"]
[Round "1"]
[White "Salido Polo, Veronica"]
[Black "Hernandez Estevez, Yudania"]
[Result "1-0"]
[WhiteElo "1991"]
[BlackElo "2254"]
[PlyCount "102"]
[EventDate "2012.07.30"]
[EventType "swiss"]
[EventRounds "7"]
[EventCountry "ESP"]
[SourceTitle "CBM 149 Extra"]
[Source "ChessBase"]
[SourceDate "2012.08.24"]
[SourceVersion "1"]
[SourceVersionDate "2012.08.24"]
[SourceQuality "1"]

1. e4 e5 2. Nc3 Nf6 3. f4 d5 4. fxe5 Nxe4 5. Qf3 Nxc3 6. bxc3 Qh4+ 7. g3 Qe4+ 8. Qxe4 dxe4 9. Bg2 Nc6 10. Bxe4 Nxe5 11. d4 Nc4 12. Nf3 Nd6 13. Bd5 Bf5 14. Bb3 0-0-0 15. 0-0 f6 16. Bb2 Bg4 17. Rae1 g6 18. Nd2 Bg7 19. Re7 Rd7 20. Rfe1 h5 21. Kg2 Bf8 22. Rxd7 Bxd7 23. Ne4 Nxe4 24. Rxe4 f5 25. Re1 h4 26. Be6 Bd6 27. d5 hxg3 28. hxg3 Re8 29. c4 c6 30. Kf3 Kc7 31. Bd4 cxd5 32. cxd5 Bb5 33. Re3 Bc4 34. Rc3 b5 35. a3 Kb7 36. Re3 a5 37. Be5 Bc5 38. Re1 Kb6 39. Kf4 Bxa3 40. Bf7 Rd8 41. Bxg6 Rxd5 42. Bxf5 Bb4 43. c3 Rxe5 44. Rxe5 Bd6 45. g4 a4 46. Bb1 a3 47. g5 a2 48. Bxa2 Bxa2 49. Ke4 Bxe5 50. Kxe5 Kc5 51. g6 Kc4 1-0

[Event "Benasque op 32nd"]
[Site "Benasque"]
[Date "2012.07.05"]
[Round "1"]
[White "Salido Polo, Veronica"]
[Black "Harikrishna, Pentala"]
[Result "0-1"]
[WhiteElo "1991"]
[BlackElo "2684"]
[PlyCount "102"]
[EventDate "2012.07.05"]
[EventType "swiss"]
[EventRounds "10"]
[EventCountry "ESP"]
[SourceTitle "CBM 149 Extra"]
[Source "ChessBase"]
[SourceDate "2012.08.24"]
[SourceVersion "1"]
[SourceVersionDate "2012.08.24"]
[SourceQuality "1"]

1. e4 c6 2. d4 d5 3. Nc3 g6 4. Nf3 Bg7 5. Be3 dxe4 6. Nxe4 Bf5 7. Ng3 Bg4 8. Bc4 e6 9. Qd2 Bxf3 10. gxf3 Nd7 11. Bb3 a5 12. a4 Ne7 13. h4 Qc7 14. h5 0-0-0 15. h6 Bf8 16. Ne4 Nf5 17. Bg5 Ne5 18. Bxd8 Nxf3+ 19. Kd1 Qxd8 20. Qd3 N3xd4 21. Bc4 Nf3 22. Qxd8+ Kxd8 23. Be2 Ne5 24. f4 Nd7 25. Ng5 Ke8 26. Bd3 Nxh6 27. Kd2 Nf6 28. Rae1 Nf5 29. Bc4 h6 30. Re5 Bd6 31. Bxe6 fxe6 32. Rxe6+ Kd7 33. Rxf6 Bxf4+ 34. Kd3 Bxg5 35. Rxg6 Re8 36. Kc4 Re4+ 37. Kb3 Nd4+ 38. Kc3 Ne6 39. Rf1 Nf4 40. Rg7+ Re7 41. Rxe7+ Kxe7 42. Re1+ Kd7 43. Kc4 Nd5 44. Rg1 Kd6 45. Rg3 Nb6+ 46. Kb3 Nd7 47. Rg4 Nc5+ 48. Kc3 h5 49. Rd4+ Ke5 50. Rc4 Be7 51. Kd2 b5 0-1

[Event "Benidorm op U2200 10th"]
[Site "Benidorm"]
[Date "2011.12.10"]
[Round "10"]
[White "Salido Polo, Veronica"]
[Black "Chaikhiev Chaikhieva, Miguel A"]
[Result "1/2-1/2"]
[WhiteElo "1964"]
[BlackElo "1663"]
[PlyCount "64"]
[EventDate "2011.12.02"]
[EventType "swiss"]
[EventRounds "10"]
[EventCountry "ESP"]
[SourceTitle "CBM 145 Extra"]
[Source "ChessBase"]
[SourceDate "2012.01.03"]
[SourceVersion "1"]
[SourceVersionDate "2012.01.03"]
[SourceQuality "1"]

1. e4 e5 2. Nc3 Bc5 3. f4 d6 4. Nf3 Nc6 5. Na4 Bb6 6. Nxb6 axb6 7. Bb5 exf4 8. d4 Bd7 9. Bxf4 Nge7 10. 0-0 0-0 11. Ng5 h6 12. Nf3 Ng6 13. Be3 Bg4 14. Qd2 d5 15. e5 Nge7 16. Bd3 Bf5 17. Be2 Be4 18. c4 Nf5 19. b3 Qd7 20. cxd5 Nb4 21. Rfc1 Bxd5 22. Bf2 c6 23. Rd1 Rfd8 24. Be3 Re8 25. Bd3 Bxf3 26. gxf3 Nxd4 27. Be4 Nxf3+ 28. Bxf3 Qf5 29. Rf1 Rad8 30. Qf2 Qxe5 31. Rae1 Qb8 32. Bh5 Re7 1/2-1/2

[Event "Benidorm op U2200 10th"]
[Site "Benidorm"]
[Date "2011.12.06"]
[Round "6"]
[White "Salido Polo, Veronica"]
[Black "Romero Haro, Florentino"]
[Result "1-0"]
[WhiteElo "1964"]
[BlackElo "1893"]
[PlyCount "47"]
[EventDate "2011.12.02"]
[EventType "swiss"]
[EventRounds "10"]
[EventCountry "ESP"]
[SourceTitle "CBM 145 Extra"]
[Source "ChessBase"]
[SourceDate "2012.01.03"]
[SourceVersion "1"]
[SourceVersionDate "2012.01.03"]
[SourceQuality "1"]

1. e4 d5 2. exd5 Qxd5 3. Nc3 Qa5 4. d4 Nf6 5. Nf3 c6 6. Bd2 Bf5 7. Bc4 e6 8. 0-0 Nbd7 9. Nd5 Qd8 10. Nf4 g5 11. Nxg5 h6 12. Ngxe6 fxe6 13. Bxe6 Bxe6 14. Nxe6 Qb6 15. Qe1 Kf7 16. Ba5 Re8 17. Bxb6 Rxe6 18. Qc3 axb6 19. Qb3 Bd6 20. Rfe1 Rhe8 21. Rxe6 Rxe6 22. Re1 Nf8 23. Rxe6 Nxe6 24. Qxb6 1-0

[Event "Benidorm op U2200 10th"]
[Site "Benidorm"]
[Date "2011.12.03"]
[Round "2"]
[White "Gomez Manzano, Francisco Carlos"]
[Black "Salido Polo, Veronica"]
[Result "1/2-1/2"]
[WhiteElo "1840"]
[BlackElo "1964"]
[PlyCount "51"]
[EventDate "2011.12.02"]
[EventType "swiss"]
[EventRounds "10"]
[EventCountry "ESP"]
[SourceTitle "CBM 145 Extra"]
[Source "ChessBase"]
[SourceDate "2012.01.03"]
[SourceVersion "1"]
[SourceVersionDate "2012.01.03"]
[SourceQuality "1"]

1. c4 Nf6 2. g3 g6 3. Bg2 Bg7 4. Nf3 0-0 5. 0-0 d6 6. Nc3 e5 7. d3 Nc6 8. Bg5 h6 9. Bd2 Nh5 10. a3 f5 11. e3 f4 12. exf4 exf4 13. Nh4 Ne5 14. d4 fxg3 15. hxg3 Bg4 16. Qc2 g5 17. Bd5+ Kh8 18. Ng6+ Nxg6 19. Qxg6 Rf6 20. Qd3 Bh3 21. Bg2 Bxg2 22. Kxg2 Qd7 23. Nd5 Rf7 24. Rae1 Qg4 25. Re4 Qf5 26. Qe2 1/2-1/2

[Event "Andalucia-ch U18"]
[Site "Almeria"]
[Date "2011.04.20"]
[Round "8.12"]
[White "Mercado Larrea, Adrian"]
[Black "Salido Polo, Veronica"]
[Result "1/2-1/2"]
[WhiteElo "1714"]
[BlackElo "2019"]
[PlyCount "34"]
[EventDate "2011.04.16"]
[EventType "swiss"]
[EventRounds "8"]
[EventCountry "ESP"]
[SourceTitle "EXT 2024"]
[Source "ChessBase"]
[SourceDate "2023.10.10"]
[SourceVersion "1"]
[SourceVersionDate "2023.10.10"]
[SourceQuality "1"]

1. e4 c5 2. Nc3 Nc6 3. g3 g6 4. Bg2 Bg7 5. d3 e6 6. f4 d6 7. Nf3 Nge7 8. 0-0 0-0 9. Be3 Nd4 10. Qd2 Bd7 11. Ne1 Bc6 12. Nd1 d5 13. c3 Nb5 14. Nc2 f5 15. Nf2 a5 16. a3 b6 17. d4 fxe4 1/2-1/2

[Event "Andalucia-ch U18"]
[Site "Almeria"]
[Date "2011.04.19"]
[Round "6.12"]
[White "Salido Polo, Veronica"]
[Black "Conejo Sanchez, Rafael"]
[Result "1-0"]
[WhiteElo "2019"]
[BlackElo "1744"]
[PlyCount "45"]
[EventDate "2011.04.16"]
[EventType "swiss"]
[EventRounds "8"]
[EventCountry "ESP"]
[SourceTitle "EXT 2024"]
[Source "ChessBase"]
[SourceDate "2023.10.10"]
[SourceVersion "1"]
[SourceVersionDate "2023.10.10"]
[SourceQuality "1"]

1. e4 e6 2. d4 d5 3. Nd2 Nf6 4. e5 Nfd7 5. Bd3 c5 6. c3 Nc6 7. Ne2 Qb6 8. Nf3 Be7 9. 0-0 cxd4 10. cxd4 0-0 11. Nf4 Nb4 12. Bb1 f6 13. exf6 Nxf6 14. a3 Na6 15. Qd3 Bd7 16. Ng5 Rfc8 17. Qh3 h6 18. Ng6 Bd6 19. Nf3 e5 20. Bf5 Bxf5 21. Qxf5 e4 22. Nfe5 Ne8 23. Bxh6 1-0

[Event "Benidorm New Generation U16 06th"]
[Site "Benidorm"]
[Date "2010.12.06"]
[Round "4"]
[White "Laiz Ibanez, Hector"]
[Black "Salido Polo, Veronica"]
[Result "0-1"]
[WhiteElo "1767"]
[BlackElo "2023"]
[PlyCount "122"]
[EventDate "2010.12.04"]
[EventType "swiss"]
[EventRounds "7"]
[EventCountry "ESP"]
[SourceTitle "EXT 2024"]
[Source "ChessBase"]
[SourceDate "2023.10.10"]
[SourceVersion "1"]
[SourceVersionDate "2023.10.10"]
[SourceQuality "1"]

1. e4 c5 2. c3 e6 3. d4 d5 4. e5 Nc6 5. f4 Qb6 6. Nf3 Bd7 7. Qb3 Qc7 8. Be3 Na5 9. Qd1 Nh6 10. dxc5 Nf5 11. Bd4 Bxc5 12. Bd3 Bxd4 13. cxd4 Ne3 14. Qd2 Rc8 15. Na3 Nac4 16. Nxc4 Nxc4 17. Qe2 Qa5+ 18. Kf2 Qb6 19. b3 Na5 20. Rhc1 Nc6 21. Qb2 0-0 22. Be2 f6 23. Kg1 Be8 24. h3 Bg6 25. Rd1 Nb4 26. Rac1 Be4 27. a3 Nc2 28. Kh1 Ne3 29. Rxc8 Rxc8 30. Rc1 Rxc1+ 31. Qxc1 Nc2 32. b4 h6 33. exf6 gxf6 34. f5 Bxf5 35. Qxh6 Nxd4 36. Nxd4 Qxd4 37. Qh5 Kg7 38. Qf3 Qa1+ 39. Kh2 Qe5+ 40. Kh1 Be4 41. Qf2 d4 42. Bf3 Bg6 43. Bxb7 d3 44. Bf3 Qa1+ 45. Kh2 Qxa3 46. Qd2 Qb3 47. Bd1 Qd5 48. Qf2 Qe5+ 49. g3 Qa1 50. Qd2 Be4 51. h4 Qe5 52. Qa2 Qd4 53. Qd2 Bd5 54. h5 Qe4 55. Kh3 e5 56. g4 Qh1+ 57. Kg3 e4 58. Kf4 Qh4 59. Kf5 Qg5+ 60. Qxg5+ fxg5 61. Kxg5 e3 0-1

[Event "Benidorm New Generation U16 06th"]
[Site "Benidorm"]
[Date "2010.12.05"]
[Round "2"]
[White "Garcia Martinez, Marcos"]
[Black "Salido Polo, Veronica"]
[Result "0-1"]
[WhiteElo "1710"]
[BlackElo "2023"]
[PlyCount "42"]
[EventDate "2010.12.04"]
[EventType "swiss"]
[EventRounds "7"]
[EventCountry "ESP"]
[SourceTitle "EXT 2024"]
[Source "ChessBase"]
[SourceDate "2023.10.10"]
[SourceVersion "1"]
[SourceVersionDate "2023.10.10"]
[SourceQuality "1"]

1. d4 Nf6 2. g3 g6 3. Bg2 Bg7 4. Nf3 0-0 5. 0-0 d6 6. b3 Nbd7 7. Bb2 c5 8. a4 d5 9. Ne5 cxd4 10. Bxd4 Qc7 11. Nxd7 Bxd7 12. f4 Bf5 13. Na3 Rfd8 14. Rc1 Qd7 15. e3 Ne4 16. Bxg7 Kxg7 17. Qd4+ f6 18. Rfd1 Qc6 19. c4 dxc4 20. Qxc4 Qb6 21. Qe2 Rxd1+ 0-1

[Event "ESP-ch U18"]
[Site "Linares"]
[Date "2010.07.26"]
[Round "2"]
[White "De Nacimiento Montano, Angel"]
[Black "Salido Polo, Veronica"]
[Result "0-1"]
[WhiteElo "2193"]
[BlackElo "1984"]
[PlyCount "68"]
[EventDate "2010.07.26"]
[EventType "swiss"]
[EventRounds "9"]
[EventCountry "ESP"]
[SourceTitle "CBM 137 Extra"]
[Source "ChessBase"]
[SourceDate "2010.09.01"]
[SourceVersion "1"]
[SourceVersionDate "2010.09.01"]
[SourceQuality "1"]

1. d4 Nf6 2. Nf3 g6 3. g3 Bg7 4. Bg2 0-0 5. 0-0 d6 6. c4 Nbd7 7. Nc3 c5 8. e4 cxd4 9. Nxd4 Qb6 10. Nb3 Ne5 11. Be3 Qb4 12. Nd5 Nxd5 13. cxd5 Nc4 14. Bg5 Nxb2 15. Qc2 Bd7 16. Qc7 Bb5 17. Bxe7 Rfc8 18. Qxb7 Rab8 19. Qxa7 Bxf1 20. Rxf1 Rb7 21. Bxd6 Qxb3 22. axb3 Rxa7 23. Bh3 Rd8 24. e5 Bf8 25. Rb1 Bxd6 26. exd6 Nd3 27. Rd1 Nc5 28. Rc1 Nxb3 29. Rc3 Rb7 30. d7 f5 31. d6 Nd4 32. Rd3 Rb1+ 33. Kg2 Nb5 34. g4 Rxd7 0-1

[Event "Calvia Amateur op 6th"]
[Site "Calvia"]
[Date "2009.10.18"]
[Round "9"]
[White "Elenius, Erik"]
[Black "Salido Polo, Veronica"]
[Result "1/2-1/2"]
[WhiteElo "2121"]
[BlackElo "1964"]
[PlyCount "63"]
[EventDate "2009.10.10"]
[EventType "swiss"]
[EventRounds "9"]
[EventCountry "ESP"]
[SourceTitle "CBM 132 Extra"]
[Source "ChessBase"]
[SourceDate "2009.11.03"]
[SourceVersion "1"]
[SourceVersionDate "2009.11.03"]
[SourceQuality "1"]

1. e4 c5 2. d4 cxd4 3. c3 dxc3 4. Nxc3 Nc6 5. Nf3 g6 6. Bc4 Bg7 7. 0-0 d6 8. Qe2 Nf6 9. Rd1 Bg4 10. h3 Bxf3 11. Qxf3 0-0 12. Qe2 Nd7 13. Be3 Nb6 14. Bd3 Ne5 15. Bb1 Qc7 16. Bd4 Qc4 17. Qe3 Qc6 18. b3 Rfc8 19. Ne2 f6 20. f4 Nf7 21. Bd3 e5 22. Bb2 Qc5 23. Qxc5 dxc5 24. Rac1 exf4 25. Nxf4 Ne5 26. Be2 Bh6 27. g3 Bg7 28. Kf2 c4 29. Nd5 Nxd5 30. Rxd5 Nd3+ 31. Bxd3 cxd3 32. Rxd3 1/2-1/2

[Event "EU-ch U16 Girls 19th"]
[Site "Fermo"]
[Date "2009.09.06"]
[Round "6"]
[White "Salido Polo, Veronica"]
[Black "Suarez Calvo, Alesandra"]
[Result "0-1"]
[WhiteElo "1880"]
[BlackElo "2023"]
[PlyCount "96"]
[EventDate "2009.08.31"]
[EventType "swiss"]
[EventRounds "9"]
[EventCountry "ITA"]
[SourceTitle "CBM 132 Extra"]
[Source "ChessBase"]
[SourceDate "2009.11.03"]
[SourceVersion "1"]
[SourceVersionDate "2009.11.03"]
[SourceQuality "1"]

1. e4 e6 2. d4 d5 3. Nd2 Nf6 4. e5 Nfd7 5. Bd3 c5 6. c3 Nc6 7. Ne2 Be7 8. 0-0 0-0 9. Nf3 cxd4 10. cxd4 f6 11. exf6 Nxf6 12. Bg5 Qb6 13. b3 Bd7 14. Ne5 Be8 15. Nxc6 bxc6 16. Qc2 h6 17. Be3 Rc8 18. Nf4 c5 19. dxc5 Bxc5 20. Nxe6 Qxe6 21. Bxc5 Qc6 22. Rac1 Rf7 23. Qe2 Rfc7 24. Ba6 Rb8 25. Be3 Qd6 26. Rxc7 Qxc7 27. Rc1 Qd6 28. g3 Bh5 29. Qf1 Qa3 30. Bxa7 Ra8 31. Rc7 Qa5 32. Rb7 Qxa2 33. b4 Ne4 34. b5 Re8 35. Rb8 Rxb8 36. Bxb8 Nd2 37. Qc1 Nf3+ 38. Kg2 Qe2 39. Qc8+ Kh7 40. b6 Ne1+ 41. Kg1 Qe4 42. Bf1 Bg4 43. Qa6 Nf3+ 44. Kh1 Nd2+ 45. Kg1 Qe1 46. Qd3+ g6 47. b7 Nf3+ 48. Kh1 Qxf2 0-1

[Event "ESP-ch (Women)"]
[Site "Almansa"]
[Date "2009.08.02"]
[Round "7"]
[White "Grau Carreras, Monica"]
[Black "Salido Polo, Veronica"]
[Result "0-1"]
[WhiteElo "2084"]
[BlackElo "1880"]
[PlyCount "84"]
[EventDate "2009.07.28"]
[EventType "swiss"]
[EventRounds "7"]
[EventCountry "ESP"]
[SourceTitle "CBM 131 Extra"]
[Source "ChessBase"]
[SourceDate "2009.09.03"]
[SourceVersion "2"]
[SourceVersionDate "2009.09.16"]
[SourceQuality "1"]

1. e4 c5 2. Nf3 d6 3. d3 g6 4. g3 Bg7 5. Bg2 Nc6 6. 0-0 e6 7. Nbd2 Nge7 8. Re1 0-0 9. Nf1 Rb8 10. h4 h6 11. N1h2 Kh7 12. Rb1 b5 13. Be3 e5 14. g4 f5 15. exf5 gxf5 16. gxf5 Bxf5 17. h5 Bf6 18. Nf1 Nd5 19. Ng3 Nxe3 20. Rxe3 Bg4 21. Ng5+ Bxg5 22. Qxg4 Nd4 23. c3 Rf4 24. Qd1 Ne6 25. Rf3 d5 26. Qe2 Qf6 27. Re1 Re8 28. Re3 Rf8 29. Rf1 Rh4 30. Bxd5 Nf4 31. Be4+ Kh8 32. Qf3 Nh3+ 33. Kg2 Rf4 34. Kxh3 Rxf3 35. Rxf3 Qe6+ 36. Bf5 Qxa2 37. b4 cxb4 38. cxb4 Qb2 39. Re1 Bf4 40. Re4 Qb1 41. d4 Bxg3 42. Rxe5 Bxe5 0-1

[Event "ESP-ch (Women)"]
[Site "Almansa"]
[Date "2009.07.28"]
[Round "1"]
[White "Gutierrez Castillo, Paloma"]
[Black "Salido Polo, Veronica"]
[Result "1-0"]
[WhiteElo "2132"]
[BlackElo "1880"]
[PlyCount "63"]
[EventDate "2009.07.28"]
[EventType "swiss"]
[EventRounds "7"]
[EventCountry "ESP"]
[SourceTitle "CBM 131 Extra"]
[Source "ChessBase"]
[SourceDate "2009.09.03"]
[SourceVersion "2"]
[SourceVersionDate "2009.09.16"]
[SourceQuality "1"]

1. e4 c5 2. Nf3 g6 3. c4 Bg7 4. d4 cxd4 5. Nxd4 Nc6 6. Nf3 d6 7. Nc3 Nf6 8. h3 0-0 9. Be2 b6 10. 0-0 Bb7 11. Be3 Rc8 12. Rc1 Qc7 13. Nd2 Rfd8 14. f4 e6 15. f5 d5 16. Bg5 dxe4 17. fxe6 fxe6 18. Bxf6 Bxf6 19. Rxf6 e3 20. Bg4 exd2 21. Rc2 Qe5 22. Rxe6 Qd4+ 23. Kh1 Nb4 24. Re2 Nxc2 25. Bxc8 Bxc8 26. Nd5 Rf8 27. Rxd2 Qxc4 28. Qxc2 Qf1+ 29. Kh2 Bf5 30. Qc7 Qe1 31. Ne7+ Kh8 32. Qc3+ 1-0

[Event "Collado Villalba op-A 25th"]
[Site "Collado Villalba"]
[Date "2008.08.30"]
[Round "9"]
[White "Salido Polo, Veronica"]
[Black "Medrano del Val, Julio"]
[Result "1-0"]
[WhiteElo "1835"]
[BlackElo "1742"]
[PlyCount "105"]
[EventDate "2008.08.22"]
[EventType "swiss"]
[EventRounds "9"]
[EventCountry "ESP"]
[SourceTitle "EXT 2009"]
[Source "ChessBase"]
[SourceDate "2008.11.26"]
[SourceVersion "1"]
[SourceVersionDate "2008.11.26"]
[SourceQuality "1"]

1. e4 d5 2. exd5 Qxd5 3. Nc3 Qa5 4. d4 Nf6 5. Nf3 Bg4 6. Be2 Ne4 7. Bd2 Nxd2 8. Qxd2 Nd7 9. 0-0 e6 10. a3 c6 11. b4 Qc7 12. Ne4 Bxf3 13. Bxf3 g6 14. c4 Bg7 15. Rac1 0-0 16. h4 Rad8 17. Qe3 Nf6 18. Rfd1 Rfe8 19. h5 Nxe4 20. Qxe4 a5 21. hxg6 hxg6 22. b5 c5 23. dxc5 Rxd1+ 24. Rxd1 Qxc5 25. Qxb7 Qxc4 26. b6 Qc5 27. Qc7 Bd4 28. Qc6 Bxf2+ 29. Kf1 Rb8 30. b7 Kg7 31. a4 Qxc6 32. Bxc6 Bc5 33. Rd7 Kf6 34. Ke2 g5 35. Kd3 Kg6 36. Kc4 Bf2 37. Re7 Kf6 38. Re8 Bg3 39. Rc8 Ke7 40. Kb5 f5 41. Kxa5 Bd6 42. Kb6 e5 43. Ka7 Rxb7+ 44. Kxb7 e4 45. a5 Bg3 46. a6 Bf2 47. a7 Bxa7 48. Kxa7 Kd6 49. Kb6 Ke5 50. Kc5 Kf4 51. Kd4 Kg3 52. Bxe4 fxe4 53. Kxe4 1-0

[Event "ESP-ch U16"]
[Site "Padron"]
[Date "2008.07.20"]
[Round "1"]
[White "Pruja Ramirez de Cartagena, Marc"]
[Black "Salido Polo, Veronica"]
[Result "1-0"]
[WhiteElo "2136"]
[BlackElo "1835"]
[PlyCount "113"]
[EventDate "2008.07.20"]
[EventType "swiss"]
[EventRounds "9"]
[EventCountry "ESP"]
[SourceTitle "EXT 2010"]
[Source "ChessBase"]
[SourceDate "2010.11.25"]
[SourceVersion "1"]
[SourceVersionDate "2010.11.25"]
[SourceQuality "1"]

1. e4 c5 2. Nf3 Nc6 3. d4 cxd4 4. Nxd4 e5 5. Nb5 a6 6. Nd6+ Bxd6 7. Qxd6 Qf6 8. Qxf6 Nxf6 9. Nc3 Nb4 10. Kd2 d5 11. a3 d4 12. axb4 dxc3+ 13. Ke3 cxb2 14. Bxb2 Be6 15. Ra5 0-0 16. Bd3 Rfc8 17. h3 Nd7 18. Rha1 f6 19. f4 exf4+ 20. Kxf4 Nb6 21. Bd4 Nc4 22. Rc5 Rxc5 23. bxc5 Rd8 24. c3 g5+ 25. Kg3 Ne5 26. Be2 Kg7 27. Kf2 Kg6 28. Rb1 Rd7 29. Rb6 Kf7 30. Ke3 Re7 31. Bh5+ Kg7 32. Be2 Kf7 33. Bxe5 fxe5 34. c6 bxc6 35. Rxa6 Rc7 36. c4 c5 37. Ra5 Rc6 38. Kd3 Kg6 39. Kc3 g4 40. h4 g3 41. Kc2 h5 42. Ra3 Bg4 43. Rxg3 Kh6 44. Bxg4 hxg4 45. Rxg4 Kh5 46. Rg5+ Kxh4 47. Rxe5 Kg3 48. Rf5 Kxg2 49. Kb3 Rb6+ 50. Kc3 Rc6 51. Kd3 Kg3 52. e5 Kg4 53. Ke4 Ra6 54. Rf8 Ra1 55. Rg8+ Kh5 56. Kd5 Re1 57. e6 1-0

[Event "ESP-ch U14"]
[Site "Padron"]
[Date "2008.07.17"]
[Round "8"]
[White "Salido Polo, Veronica"]
[Black "Navarro Lopez Menchero, Daniel"]
[Result "1-0"]
[WhiteElo "1835"]
[BlackElo "2079"]
[PlyCount "101"]
[EventDate "2008.07.13"]
[EventType "swiss"]
[EventRounds "9"]
[EventCountry "ESP"]
[SourceTitle "CBM 125 Extra"]
[Source "ChessBase"]
[SourceDate "2008.09.01"]
[SourceVersion "1"]
[SourceVersionDate "2008.09.01"]
[SourceQuality "1"]

1. e4 c5 2. Nf3 d6 3. d4 cxd4 4. Nxd4 Nf6 5. Nc3 a6 6. Be3 e5 7. Nb3 Be6 8. f3 h5 9. Qd2 Nbd7 10. 0-0-0 Qc7 11. h4 b5 12. Kb1 Nb6 13. Qf2 Nc4 14. Bxc4 bxc4 15. Bb6 Qb8 16. Nd2 Nd7 17. Be3 Qb4 18. a3 Qb7 19. Ka1 Be7 20. g4 g6 21. Rhf1 Rb8 22. Rb1 hxg4 23. fxg4 Bxh4 24. Qf3 Be7 25. Nd5 Rh7 26. Nxc4 Bxd5 27. exd5 Qc7 28. b3 Bf6 29. Ka2 Ke7 30. g5 Bh8 31. Rh1 Rxh1 32. Rxh1 Bg7 33. Rh7 Rg8 34. Qh3 Nf8 35. Bb6 Qd7 36. Qxd7+ Nxd7 37. Bc7 e4 38. Bxd6+ Kd8 39. b4 f5 40. Kb3 f4 41. Bxf4 Bd4 42. c3 Ba7 43. Ne3 Rf8 44. Rh4 Re8 45. c4 Bd4 46. c5 Ne5 47. Bxe5 Rxe5 48. Rh8+ Kd7 49. c6+ Kc7 50. Rh7+ Kd6 51. Nc4+ 1-0

[Event "ESP-chT U14"]
[Site "Aviles"]
[Date "2008.06.25"]
[Round "1.1"]
[White "Colchero Truniger, Alejandro"]
[Black "Salido Polo, Veronica"]
[Result "1-0"]
[WhiteElo "1380"]
[BlackElo "1840"]
[PlyCount "165"]
[EventDate "2008.06.25"]
[EventType "team-swiss"]
[EventRounds "6"]
[EventCountry "ESP"]
[SourceTitle "EXT 2010"]
[Source "ChessBase"]
[SourceDate "2010.11.25"]
[SourceVersion "1"]
[SourceVersionDate "2010.11.25"]
[SourceQuality "1"]

1. e4 c5 2. f4 Nc6 3. Nc3 d6 4. Nf3 e6 5. Bb5 Nge7 6. d3 a6 7. Bxc6+ Nxc6 8. 0-0 g6 9. d4 cxd4 10. Nxd4 Qb6 11. Be3 Bg7 12. Na4 Qa7 13. c3 b5 14. Nf5 Bd4 15. Nxd6+ Ke7 16. Nxc8+ Rhxc8 17. Bxd4 Nxd4 18. cxd4 bxa4 19. Qxa4 Qb7 20. Qa3+ Ke8 21. Rfe1 Rab8 22. Rab1 Qb6 23. Red1 Qc6 24. d5 Qb6+ 25. Kh1 Qf2 26. d6 Kd7 27. Qxa6 Rc2 28. Rg1 Rc6 29. Qa4 Kxd6 30. Rgd1+ Kc7 31. Qa5+ Qb6 32. Qxb6+ Rbxb6 33. Rdc1 Rb4 34. Rxc6+ Kxc6 35. g3 Rxe4 36. Rc1+ Kb6 37. Rc2 h5 38. Kg2 h4 39. Kf3 Ra4 40. a3 hxg3 41. hxg3 f6 42. Rc3 g5 43. b4 gxf4 44. gxf4 Ra8 45. Ke4 Rd8 46. Rc5 Rd1 47. a4 Rd6 48. Rc8 Rd1 49. Re8 Re1+ 50. Kf3 Rf1+ 51. Ke3 Re1+ 52. Kf2 Re4 53. Kf3 Re1 54. Rb8+ Kc7 55. Rb5 Kc6 56. Rc5+ Kb7 57. a5 Rb1 58. Rb5+ Ka7 59. Rb6 Re1 60. b5 f5 61. Rc6 e5 62. Rc7+ Kb8 63. b6 e4+ 64. Kf2 Ra1 65. Ra7 Ra2+ 66. Ke1 Rb2 67. Rf7 Rb5 68. Ra7 Rb2 69. Kd1 Rb5 70. Kc2 Rb4 71. Kc3 Rb1 72. Kd4 Rb3 73. Re7 Rb4+ 74. Kc5 Rb1 75. a6 Rc1+ 76. Kd4 Rd1+ 77. Ke3 Rd3+ 78. Ke2 Rd8 79. Rf7 Rh8 80. Rxf5 Ka8 81. Ke3 Rb8 82. Rf6 Re8 83. f5 1-0